Moderná žena a domácnosť breviár úsporného a účelného vedenia domácnosti : (kalendár modernej ženy-gazdinej)

Bibliographic Details
Other Authors: Kurtha, Henrich, 1903-1993 (Compiler), Vajsábelová, Anna (Compiler)
Format: Book
Language:Slovak
PhysicalDescription:52, [6] s. ilustr. 8°
Published: Bratislava Novum 1948
Series:Radostný domov a šťastná rodina
Subjects:

MARC

LEADER 00000cam a2200000 a 4500
001 vtls008404119
003 SK-MaSNL
005 20260301205131.0
008 251124s1948 xo a f 000 0 slo
015 |a SNBA19451955-013162 
035 |a SK01SNKBKSFS20020096336 
035 |a urn:nbn:sk:snk-am3hm52 
035 |a E1CD0CB3-1904-4B3F-B690-4C7305F2DB6C 
035 |a urn:nbn:sk:snk-am00d580 
035 |a SKM000098799 
040 |a SNK  |b slo  |c SNK  |e AACR2 
041 0 |a slo 
044 |a xo  |c SK 
080 |a 64  |2 1981 
245 0 0 |a Moderná žena a domácnosť  |b breviár úsporného a účelného vedenia domácnosti : (kalendár modernej ženy-gazdinej)  |c sost. Anna Vajsábelová a V. H. Kurtha 
260 |a Bratislava  |b Novum  |c 1948  |e Žilina  |f Slov. kníhtlač. 
300 |a 52, [6] s.  |b ilustr.  |c 8° 
490 1 |a Radostný domov a šťastná rodina  |v sv. 6 
563 |a 2.000 výtlač. 
650 0 7 |a domáce hospodárstvo  |2 SNKPH  |9 2073 
650 0 7 |a domáce práce  |2 SNKPH  |9 209371 
655 7 |a príručky  |2 SNKPH  |9 74364 
700 1 |a Kurtha, Henrich,  |d 1903-1993  |4 com  |9 56068 
700 1 |a Vajsábelová, Anna  |4 com  |9 400022 
830 0 |a Radostný domov a šťastná rodina  |9 400023 
852 |a Slovenská národná knižnica 
954 |a odborná, vedecká literatúra pôvodná (slovenská)  |2 lita 
958 |a RK 
958 |a TL 
958 |a OND 
958 |a EUIPO 
999 |c 909080  |d 911010 
952 |a SNK  |b SNK  |y VYP  |7 0  |p 17A1553000  |o snkSC 3842/6 D2  |i snkF 6719/62  |8 5  |0 0  |1 0  |4 0  |d 2024-10-01  |l 0  |r 2026-02-24 07:38:29  |w 2026-02-24 
952 |a SNK  |b SNK  |y VYP  |7 0  |p 17A1317204  |o snkSC 3842/6 D1  |i snkVIII. 2119/50  |0 0  |1 0  |4 0  |d 2024-04-08  |l 0  |r 2026-02-24 07:38:29  |w 2026-02-24 
952 |a SNK  |b SNK  |y PREZ  |7 0  |p 17A0745478  |o snkSC 3842/6  |i snk481/49  |0 0  |1 0  |4 0  |d 2018-10-19  |f 1  |l 0  |r 2025-06-25 00:00:00  |w 2026-02-24